| 000 | 02747nam2a2200289 4500 | ||
|---|---|---|---|
| 001 | RU\NLR\BIBL_A\012670011 | ||
| 005 | 20240905150933.0 | ||
| 010 | _a978-5-86035-089-2 | ||
| 021 |
_aRU _bКН-П-21-055811 _9КН-П-21-4369 |
||
| 035 | _a(NLR Aleph) 012670011 | ||
| 090 |
_a12782071 _c12782071 |
||
| 100 | _a20211217d2021 k y0rusy50 ca | ||
| 101 | 0 |
_arus _deng |
|
| 102 | _aRU | ||
| 105 | _aach z 010zd | ||
| 200 | 1 |
_aКлиники и лаборатории: прошлое и настоящее _dDepartments and laboratories: past and present _fЛихтерман Леонид Болеславович _gредактор-составитель: Л. Б. Лихтерман _gглавный редактор: Д. Ю. Усачёв _gФГАУ "Национальный медицинский исследовательский центр нейрохирургии им. Н.Н. Бурденко" Министерства здравоохранения Российской Федерации _zeng |
|
| 210 |
_aМосква _cФГАУ "Национальный медицинский исследовательский центр нейрохирургии имени академика Н. Н. Бурденко" Министерства здравоохранения РФ _d2021 |
||
| 215 |
_a579, [1] с. _cил., портр., факс., цв. ил., цв. портр., цв. факс. |
||
| 300 | _aАвт. указан на обороте тит. с. | ||
| 320 | _aБиблиогр. в конце разд. | ||
| 461 | 0 |
_1001RU\NLR\BIBL_A\012412779 _12001#$aНациональный центр нейрохирургии$dThe National center of neurosurgery$eк 90-летию основания$fА.А. Потапов, Л.Б. Лихтерман, Г.В. Данилов$gпод редакцией Д.Ю. Усачёва$gФГАУ "Национальный медицинский исследовательский центр нейрохирургии им. Н.Н. Бурденко"$zeng$vЧ. 3 _1700#1$aПотапов$bА. А.$cд-р мед. наук$f1948-2021$gАлександр Александрович$3RU\NLR\AUTH\77113975 _911784169 _aПотапов, А. А. (д-р мед. наук ; 1948-2021) _cМосква _d2020 _fА.А. Потапов, Л.Б. Лихтерман, Г.В. Данилов _lThe National center of neurosurgery _nКонстанта _oк 90-летию основания _tНациональный центр нейрохирургии _vЧ. 3 |
|
| 510 | 1 |
_6z37790 _aDepartments and laboratories: past and present _zeng |
|
| 790 | 1 |
_7ba _8rus _aLichterman _bL. B. _f1931- _gLeonid Boleslavovič _938921 _3RU\NLR\AUTH\7755989 |
|
| 942 | _cBOOK | ||
| 980 | _aNB | ||